| 000 | 00835nam0a22002651 4500 | ||
|---|---|---|---|
| 001 | v19\rc\1914936 | ||
| 005 | 20251118180614.3 | ||
| 035 | _a(NLR Aleph) 005002641 | ||
| 090 |
_a6402844 _c6402844 |
||
| 100 | _a20080404d1911 u y0rusy50 ca | ||
| 101 | 1 |
_arus _cger |
|
| 102 | _aRU | ||
| 105 | _ay z ||||| | ||
| 200 | 1 |
_aСтол и диета больного _e(Пер. с нем.) _fД-р мед. Вильгельм Штернберг |
|
| 210 |
_aСанкт-Петербург _cтип. т-ва "Грамотность" _d1911 |
||
| 215 |
_a204 с. _d20 |
||
| 700 | 1 |
_aШтернберг _bВ. _f1870- _gВильгельм |
|
| 801 | 0 |
_aRU _bNLR _gpsbo |
|
| 801 | 0 |
_aRU _bRuMoRGB _2psbo |
|
| 801 | 1 |
_aRU _bProSoft-M _2rusmarc |
|
| 852 |
_aNLR _j37.30.6.37 |
||
| 899 |
_aRuMoRGB _jF 106/88 |
||
| 899 | _aБАН | ||
| 942 | _cBOOK | ||
| 980 | _aNB | ||